Control de calidad de productos agropecuarios.

Bibliographic Details
Main Author: Meyer, Marco R.
Format: Section = Libro
Language:Undetermined
Spanish
Published: México Trillas 2005
Edition:2a.ed.
Subjects:
LEADER 00640nam a2200229Ia 4500
008 240829s9999 xx 000 0 und d
020 |a 968-24-4055-6 
040 |a BIBLIOTECA-RUSB/ 658.562 M613 
041 |a spa 
082 |a 658.562 M613 
100 1 |a Meyer, Marco R. 
245 1 0 |a Control de calidad de productos agropecuarios. 
250 |a 2a.ed. 
260 |a México  |b Trillas  |c 2005 
300 |a 102 p. :il. 
650 7 |a CONTROL DE CALIDAD - PRODUCTOS AGRICOLAS 
650 7 |b  CONTROL DE LA PRODUCCION 
650 7 |c  HIGIENE DE LOS ALIEMENTOS 
650 7 |d  INDUSTRIAS ALIMENTICIAS 
942 |c BK  |2 ddc 
991 |a TEXTO 
999 |c 4220